| 000 | 00493nam a2200181Ia 4500 | ||
|---|---|---|---|
| 005 | 20250508153154.0 | ||
| 008 | 008 250505s9999 xx 000 0 eng d | ||
| 037 | _aTextual | ||
| 040 |
_aFEDL _beng _cFEDL |
||
| 041 |
_aeng _2eng |
||
| 084 |
_a551.46, ENG _qFEDL |
||
| 100 |
_aEngel Leonard _91405 |
||
| 245 | 0 | _aLife nuture library : Sea | |
| 260 |
_aNew York, USA _bTime Incorported _c1961 |
||
| 300 | _a190p. | ||
| 942 |
_cTEXL _h551.46, ENG |
||
| 999 |
_c1341030 _d1341030 |
||